000 00492nam a2200181Ia 4500
003 GCL
008 140319s9999 xx 000 0 eng d
040 _aGCL /
_cGCL
082 0 4 _a519.5
_bP B
100 1 _aFABBRI, TONY
245 1 0 _aBUSINESS STATISTICS: ELEMENTS AND APPLICATIONS /
_cFABBRI, TONY
260 _a[S.N] :
_bMACMILLAN PUBLISHING COMPANY ،
_c1993
300 _a950 P
650 0 4 _aBUSINESS STATISTICS
650 0 4 _aBUSINESS
650 0 4 _aBUSINESS SKILLS
942 _2ddc
_cBK
999 _c17913
_d17913